The revised penal code : criminal law : (Record no. 7208)

MARC details
000 -LEADER
fixed length control field 00563nam a22001817a 4500
003 - CONTROL NUMBER IDENTIFIER
control field OSt
005 - DATE AND TIME OF LATEST TRANSACTION
control field 20260126043040.0
008 - FIXED-LENGTH DATA ELEMENTS--GENERAL INFORMATION
fixed length control field 251218b |||||||| |||| 00| 0 eng d
020 ## - INTERNATIONAL STANDARD BOOK NUMBER
International Standard Book Number 971-23-3334-5
040 ## - CATALOGING SOURCE
Original cataloging agency DWCL-Main Lib.
Transcribing agency OC
082 ## - DEWEY DECIMAL CLASSIFICATION NUMBER
Edition number 15th ed. revised 2001
Classification number Fil. 363.25 R33r 2001
100 ## - MAIN ENTRY--PERSONAL NAME
Personal name Reyes, Luis B.
245 ## - TITLE STATEMENT
Title The revised penal code : criminal law :
Remainder of title book 2/
Statement of responsibility, etc. Luis B. Reyes
250 ## - EDITION STATEMENT
Edition statement 15th ed.
Remainder of edition statement revised 2001
260 ## - PUBLICATION, DISTRIBUTION, ETC.
Place of publication, distribution, etc. Rex book store Inc.,
Name of publisher, distributor, etc. c2001.
300 ## - PHYSICAL DESCRIPTION
Extent iii,1028 p. ;
Dimensions 23 cm.
942 ## - ADDED ENTRY ELEMENTS (KOHA)
Source of classification or shelving scheme Dewey Decimal Classification
Koha item type Book-Filipiniana
Call number prefix Fil.
Suppress in OPAC No
Edition 15th ed.
952 ## - LOCATION AND ITEM INFORMATION (KOHA)
--
952 ## - LOCATION AND ITEM INFORMATION (KOHA)
--
952 ## - LOCATION AND ITEM INFORMATION (KOHA)
--
Holdings
Withdrawn status Lost status Source of classification or shelving scheme Damaged status Not for loan Home library Current library Shelving location Date acquired Source of acquisition Cost, normal purchase price Total Checkouts Full call number Barcode Date last seen Copy number Price effective from Koha item type Uniform Resource Identifier
    Dewey Decimal Classification     College Library College Library Filipiniana 02/04/2003 School Fund 0.00   Fil. 363.25 R33r 2001 CL37110 12/18/2025 c1 12/18/2025 BK - FIL
    Dewey Decimal Classification     College Library College Library Filipiniana 02/04/2003 School Fund 0.00   Fil. 363.25 R33r 2001 CL37111 12/18/2025 c2 12/18/2025 BK - FIL
    Dewey Decimal Classification     College Library College Library Filipiniana 02/04/2003 School Fund 0.00   Fil. 363.25 R33r 2001 CL37112 12/18/2025 c3 12/18/2025 BK - FIL